| 000 | 02137nam0a2200397 4500 | ||
|---|---|---|---|
| 001 | RU\NLR\bibl\1262536 | ||
| 005 | 20260407071616.0 | ||
| 010 |
_a978-5-89314-108-5 _9300 |
||
| 021 |
_aRU _b2008-49246 _92725 |
||
| 035 | _a(NLR Aleph) 001248523 | ||
| 090 |
_a304060 _c304060 |
||
| 100 | _a20080815d2008 |||y0rusy50 ca | ||
| 101 | 0 | _arus | |
| 102 | _aRU | ||
| 105 | _ay ||||||||| | ||
| 200 | 1 |
_aСеверокавказский узел: особенности конфликтного потенциала _e(исторические очерки) _f[Ю.Ю. Клычников, С.И. Линец] _gпод ред. и с предисл. акад. В.Б. Виноградова _gПятиг. гос. технол. ун-т [и др.] |
|
| 205 | _aИзд. 2-е, стер. | ||
| 210 |
_aПятигорск _cРекламно-информационное агентство на КМВ _d2008 |
||
| 215 |
_a210 с. _d22 |
||
| 300 | _aАвт. указаны на обл. | ||
| 300 | _aНа 4-й с. обл. авт.: Клычников Ю.Ю., Линец С.И., кандидаты ист. наук, доценты | ||
| 300 | _aВ надзаг. также: Науч. центр Сев. Кавказа, Междунар. акад. наук | ||
| 320 | _aБиблиогр.: с. 206-210 (83 назв.) | ||
| 606 | 1 |
_aПреступность _xИстория _yКавказ Северный _92453860 _3RU\NLR\auth\661458759 |
|
| 606 | 1 |
_aКонфликты общественно-политические _xИстория _yКавказ Северный _92453872 _3RU\NLR\auth\661458765 |
|
| 686 | _aТ3(2Р37) | ||
| 686 | _aХ628.329(2Р37) | ||
| 700 | 1 |
_4070 _aКлычников _bЮ. Ю. _f1971- _gЮрий Юрьевич _9187826 _3RU\NLR\AUTH\770187877 |
|
| 701 | 1 |
_aЛинец _bС. И. _f1954- _gСергей Иванович _4070 |
|
| 712 | 0 | 2 |
_4570 _aПятигорский государственный технологический университет _9568580 _3RU\NLR\AUTH\8810035188 |
| 801 | 0 |
_aRU _bNLR _c20061220 _gRCR |
|
| 801 | 1 |
_aRU _bNLR _c20061220 |
|
| 942 | _cBOOK | ||
| 980 | _aNB | ||